Retorik dalam penjualan insurans: satu analisis prinsip kerjasama dan prinsip kesopanan /
Saved in:
| 主要作者: | |
|---|---|
| 格式: | Thesis 图书 |
| 语言: | Malay |
| 出版: |
1997.
|
| 主题: | |
| 标签: |
添加标签
没有标签, 成为第一个标记此记录!
|
| LEADER | 01150cam a2200289 a 4500 | ||
|---|---|---|---|
| 001 | u424263 | ||
| 003 | SIRSI | ||
| 008 | 940214s1997 my t 00 1 may m | ||
| 035 | |a ACF-1248 | ||
| 040 | |a UMB |b UMM | ||
| 090 | |a PL5083 |b Loo | ||
| 091 | |a Microfiche 14303 | ||
| 093 | |a PL5083 |b Loo | ||
| 100 | 1 | 0 | |a Look, Thien Jee. |
| 245 | 1 | 0 | |a Retorik dalam penjualan insurans: |b satu analisis prinsip kerjasama dan prinsip kesopanan / |c Look Thien Jee. |
| 260 | |c 1997. | ||
| 300 | |a xii, 151 leaves : |b ill. ; |c 29 cm. | ||
| 500 | |a Microfiche. Kuala Lumpur : University of Malaya Library, 1999. 2 fiches : negative ; 11 x 15 cm. | ||
| 502 | |a Dissertation (M.M.L.S.) -- Fakulti Bahasa dan Linguistik,Universiti Malaya, 1997. | ||
| 504 | |a Bibliography : leaves 125-128. | ||
| 650 | 0 | |a Malay language |x Rhetoric. | |
| 650 | 0 | |a Insurance |z Malaysia. | |
| 710 | 2 | 0 | |a Universiti Malaya. |b Fakulti Bahasa dan Linguistik. |
| 948 | |a 19/05/1998 |b 30/05/2003 | ||
| 596 | |a 1 6 | ||
| 999 | |a PL5083 LOO |w LC |c 1 |i A507731566 |d 24/1/2019 |e 24/1/2019 |l STACKS |m P01UTAMA |n 98 |r Y |s Y |t TESIS |u 9/9/1998 | ||
| 999 | |a PL5083 LOO |w LC |c 1 |i A503701060 |l STACKS |m P06BAHASA |r Y |s Y |t TESIS |u 12/6/1998 | ||
